000 00589nam a2200181Ia 4500
008 090123s9999 xx 000 0 und d
082 _b20204
_a891.463/रांगणे
100 _aरांगणेकर कुमुदिनी
245 _aगोड बंधन
250 _a2
260 _bवसंत प्रकाशन
_c1986
300 _a184
600 _aरांगणेकर कुमुदिनी
630 _aगोड बंधन
700 _aरांगणेकर कुमुदिनी
730 _aगोड बंधन
942 _cBOOK
999 _c58276
_d58276